EXT-Úloha štátnych inštitúcií v riadení zahraničného imidžu Slovenskej republiky bakalárska práca

Saved in:
Bibliographic Details
Main Author: Tkáčiková, Lucia
Corporate Author: Obchodná fakulta EU. Katedra medzinárodného obchodu
Other Authors: Škodová, Lenka
Format: Book
Language:Slovak
Published: Bratislava 2017
Tags: Add Tag
No Tags, Be the first to tag this record!

MARC

LEADER 00000nbm a2200000 4500
001 0232878
005 20170818100420.4
041 0 |a slo 
044 |a SK 
245 1 0 |a EXT-Úloha štátnych inštitúcií v riadení zahraničného imidžu Slovenskej republiky  |b bakalárska práca  |c Lucia Tkáčiková ; školiteľ: Lenka Škodová 
264 1 |a Bratislava  |c 2017 
300 |a 62 s. 
100 1 |a Tkáčiková, Lucia 
700 1 |a Škodová, Lenka 
710 2 |a Obchodná fakulta EU. Katedra medzinárodného obchodu